| 000 | 00510nam a2200205Ia 4500 | ||
|---|---|---|---|
| 003 | IT-RoPAU | ||
| 008 | 120407s9999 xx 000 0 und d | ||
| 040 | _aIT-RoPAU | ||
| 040 | _cIT-RoPAU | ||
| 041 | _aita | ||
| 100 | _aRichard Wurmbrand | ||
| 245 | _a1. Mio caro diavolo. Ipotesi demonologiche su Marx e marxismo. 2. Risposta alla Bibbia di Mosca. | ||
| 260 | _aEdizioni Paoline | ||
| 260 | _c1979 | ||
| 300 | _c cm | ||
| 490 | _aSaggi di filosofia | ||
| 490 | _v1 | ||
| 942 | _cBK | ||
| 999 |
_c23641 _d23641 |
||